banner-ar

الهزيمة امراة / (Record no. 41103)

MARC details
000 -الفاتح
حقل البيانات ثابتة الطول 00577nam a2200205Ia 4500
005 - وقت وتاريخ اخر تعامل مع التسجيلة
رقم الضبط 20240530103615.0
008 - عناصر البيانات ثابتة الطول - معلومات عامة
حقل البيانات ثابتة الطول 140319s9999 xx 000 0 ara d
040 ## - مصدر الفهرسة
وكالة الفهرسة الأصلية GCL /
وكالة النسخ GCL
082 04 - رقم تصنيف ديوى العشرى
رقم التصنيف 813.01
رقم المادة م ه
100 1# - المدخل الرئيسى - إسم شخصى
الإسم الشخصى مرعى مدكور
245 10 - بيان العنوان
العنوان الهزيمة امراة /
بيان المسئوليه,etc مرعى مدكور
300 ## - الوصف المادى
التعداد 127
490 ## - بيان السلسلة
عنوان السلسلة كتاب الايام
رقم المجلد/ التعيين التسلسلي 0
650 04 - المدخل الاضافى بالموضوع-مصطلح موضوعى
مصطلح موضوعي الادب العربى
650 04 - المدخل الاضافى بالموضوع-مصطلح موضوعى
مصطلح موضوعي العصر الحديث
650 04 - المدخل الاضافى بالموضوع-مصطلح موضوعى
مصطلح موضوعي القصص القصيرة
650 04 - المدخل الاضافى بالموضوع-مصطلح موضوعى
مصطلح موضوعي القصص العربية القصيرة
942 ## - عناصر المدخل الإضافي( كوها)
مصدر التصنيف او مخطط الترفيف Dewey Decimal Classification
Koha [default] item type كتاب
Holdings
حالة التراجع حالة الفقد حالة تلف ليس للاعارة المكان المؤقت الموقع الحالى تاريخ الاكتساب اجمالي اﻻعارات رقم الطلب الباركود تاريخ اخر مشاهدة تاريخ تفعيل السعر نوع وعاء كوها
        مكتبة القاهرة الكبرى مكتبة القاهرة الكبرى 03/26/2014   813.01\م ه 99094 03/26/2014 03/26/2014 كتاب

Powered By

EGPV